Administrative Law. (Record no. 9574)

MARC details
000 -LEADER
fixed length control field 00426nam a22001817a 4500
005 - DATE AND TIME OF LATEST TRANSACTION
control field 20260402104612.0
008 - FIXED-LENGTH DATA ELEMENTS--GENERAL INFORMATION
fixed length control field 260402b |||||||| |||| 00| 0 eng d
020 ## - INTERNATIONAL STANDARD BOOK NUMBER
International Standard Book Number 9789350282465
041 ## - LANGUAGE CODE
Language English
082 ## - DEWEY DECIMAL CLASSIFICATION NUMBER
Classification number 342.5406 MAS
100 ## - MAIN ENTRY--PERSONAL NAME
Main Author Name Massey, I.P
245 ## - TITLE STATEMENT
Title Administrative Law.
250 ## - EDITION STATEMENT
Edition 8th
260 ## - PUBLICATION, DISTRIBUTION, ETC.
Place of publication Lucknow :
publisher Name EBC,
Date of publication 2012.
300 ## - PHYSICAL DESCRIPTION
Number Of Page 223 p.
650 ## - SUBJECT ADDED ENTRY--TOPICAL TERM
Subject Administrative Law
942 ## - ADDED ENTRY ELEMENTS (KOHA)
Koha item type Donated Book
Holdings
Lost status Source of classification or shelving scheme Not for loan Home library Current library Date last seen Koha item type School Total Checkouts Full call number Barcode Copy number Price effective from Withdrawn status Date acquired Source of acquisition Cost, normal purchase price
  Dewey Decimal Classification   BSOL BSOL 02/04/2026 Donated Book School of Law   342.5406 MAS G722 1 02/04/2026   02/04/2026 prithivi Raj 395.00

Maintained and Designed by
2cqr automation private limited, Chennai. All Rights Reserved.

You are Visitor Number

PHP Hits Count